000 00497nam a2200193Ia 4500
005 20250326141953.0
008 250326s9999 xx 000 0 und d
037 _aTextbook
040 _aFMSL
_beng
_cFMSL
041 _aeng
_2eng
084 _aX65 M7
_qFMSL
100 _aHajela K
245 0 _aComplete guide for non-resident Indians
_cHajela K
250 _a2
260 _aBombay
_bBombay, Jaico
_c1987
300 _a251p
942 _cTB
_hX65 M7
999 _c1292846
_d1292846